Регионална библиотека "Любен Каравелов" - Русе

Ръководство за курсово проектиране на товароподемни машини (Запис номер 59936)

MARC детайли
000 -Лидер
Контролно поле с фиксирана дължина nam a22 a 4500
003 - Код на организацията, давaща контролен номер
Контролно поле BLK
005 - Дата и час на последна редакция
Контролно поле 20221109163858.0
008 - Елементи от данни с фиксирана дължина
fixed length control field 180408b bul|||||r ||||||| ||bul||
010 ## - Наследен системен номер
LC control number KNG00064063000
040 ## - Източник на каталожния запис
Идентификатор на билиотеката - собственик на записа BLK
041 ## - Код за език
Код за езика на текст/звукозапис или на отделно заглавие Български
Код за езика КДБФ Български
080 ## - УДК
Текстов определител УДК Подемно-транспортно оборудване в цялост. Вж и 621.87; 625.08; 625.1/.5; 625.5; 629.1; 658.286.2
УДК код - определител по УДК 621.86
УДК определител (075.8)
УДК - код + определител 621.86(075.8)
100 1# - Редна дума - Автор
Автор Коларов, Иван Г.
Авторска отговорност първи автор
R(LIN) 289426
139 ## - Редно поле
Редна дума Коларов, Иван Г. и др.
Авторски знак Кок - К 77
245 10 - Сведения за заглавието
Заглавие Ръководство за курсово проектиране на товароподемни машини
Подзаглавни данни За студентите от ВТУЗ
Редно поле (дума) Иван Г. Коларов, Михаил Н. Проданов, Петко Д. Караиванов.
257 ## - Страна на издаване
Страна на създаване/издаване България
260 ## - Област на издателските данни
Място на издаване, разпространение и проч. София
Име на издателя, разпространителя и проч. Техника
Година на издаване 1978
Печатница Ямбол : печ. Г. Димитров
300 ## - Физическа характеристика
Страници 288 с.
Илюстрации и др. с черт., табл.
Размери/Мащаб 22 см
380 ## - Жанр
Жанр Техника
500 ## - Общи забележки
Забележка Библиогр. с. 284-285
650 #4 - Допълнително описание по предмет – тема
Основно описание – тема или топоним Подемно-транспортни машини - учебници за ВУЗ
9 (RLIN) 254335
653 ## - Ключова дума – ненормативна
Ключова дума подемно-транспортни машини
653 ## - Ключова дума – ненормативна
Ключова дума учебници
653 ## - Ключова дума – ненормативна
Ключова дума проектиране
700 1# - Други автори (авторска отговорност)
Лично име Проданов, Михаил Н.
Автороска отговорност (Описва отношението между автора и произведението) съавт.
9 (RLIN) 289427
700 1# - Други автори (авторска отговорност)
Лично име Караиванов, Петко Д.
Автороска отговорност (Описва отношението между автора и произведението) съавт.
9 (RLIN) 289428
852 ## - Местоположение
Форматна сигнатура Цб 92432
856 4# - Електронен адрес и достъп
Електронен формат pdf - файл
Инструкция (цена за достъп) 0.00
Права за достъп disable
856 4# - Електронен адрес и достъп
Електронен формат pdf - файл
Инструкция (цена за достъп) 0.00
Права за достъп disable
999 ## - СИСТЕМНИ КОНТРОЛНИ НОМЕРА
Koha biblionumber 59936
Koha biblioitemnumber 59936
942 ## - АРТИКУЛИ
Вид на библиотечния материал Книги
Скрит в OPAC Не
Периодичен библиозапис Да
944 ## - СЪЗДАВАНЕ И РЕДАКЦИЯ на ЗАПИСА
Създаване/Редакция Създаване
Дата на регистрацията/редакция 13.06.2004
Служител, извършил регистрацията/редакцията Читалня
944 ## - СЪЗДАВАНЕ И РЕДАКЦИЯ на ЗАПИСА
Създаване/Редакция Редакция
Дата на регистрацията/редакция 21.08.2015
Служител, извършил регистрацията/редакцията Валя_Йорданова
944 ## - СЪЗДАВАНЕ И РЕДАКЦИЯ на ЗАПИСА
Създаване/Редакция Редакция
Дата на регистрацията/редакция 2022-11-09
Служител, извършил регистрацията/редакцията ир
999 ## - СИСТЕМНИ КОНТРОЛНИ НОМЕРА
Koha biblioitemnumber 59936
Наличности
Код за отписване Код за изгубен артикул Източник на класификационната схема Код за повреда Коз за рестрикции Код за отдаване Артикулен № Име на библиотеката - собственик Име на библиотеката, в която се намира в момента Статус (Текущо местоположение) Дата на вписване в системата Местоположение - отдел Цена в лева Инвентарен номер Систематично азбучна сигнатура Баркод Номер на екземпляра Цена в евро Служебна бележка Служебен тип на артикула Бележка за публиката
Изтеглен Не е изгубен Universal Decimal Classification Не е повреден без рестрикции ползва се в читалня 98187 Регионална библиотека "Любен Каравелов" Русе Регионална библиотека "Любен Каравелов" Русе Читалня 1993-01-01 Читалня 0.87 260455 Ч 621.86/К 77И 260455 1 0.44 Дост: Pk Вид: Ф N: стар фонд Дата: 01.01.1978 Дата инв: 24.03.2017 Бележки инв: Ч2017 Книги  
  Не е изгубен Universal Decimal Classification Не е повреден само за читалня ползва се в читалня 98188 Регионална библиотека "Любен Каравелов" Русе Регионална библиотека "Любен Каравелов" Русе Хранилище 1978-01-01 Хранилище 0.87 260014 Цб 92432 120000260014 2 0.44 Дост: Dp Вид: Д N: Сф Дата: 01.01.1978 Книги  
Изтеглен Не е изгубен   Не е повреден без рестрикции заемане за дома 98189 Регионална библиотека "Любен Каравелов" Русе Регионална библиотека "Любен Каравелов" Русе   1978-01-01 Заемна - подръчен фонд 0.87 260452 П 621.86/К 77 260452 3 0.44 N: Сф Дата: 01.01.1978 Книги Отч.N: 26/2018 , Дата: 26.03.2018
Изтеглен Не е изгубен   Не е повреден без рестрикции заемане за дома 98190 Регионална библиотека "Любен Каравелов" Русе Регионална библиотека "Любен Каравелов" Русе   1978-01-01 Заемна - подръчен фонд 0.87 260453 П 621.86/К 77 260453 4 0.44 N: Сф Дата: 01.01.1978 Книги Отч.N: 26/2018 , Дата: 26.03.2018
Изтеглен Не е изгубен   Не е повреден само за читалня Специални фондове ( старопечатни, редки и ценни, фонд М. Арнаудов) 98191 Регионална библиотека "Любен Каравелов" Русе Регионална библиотека "Любен Каравелов" Русе Отчислена 1978-01-01 Отчислена 0.00 260454 П 621.86/К 77 260454 5 0.00 N: Сф Дата: 01.01.1978 Книги  
Изтеглен Не е изгубен Universal Decimal Classification Не е повреден без рестрикции заемане за дома 98192 Регионална библиотека "Любен Каравелов" Русе Регионална библиотека "Любен Каравелов" Русе Заемна - подръчен фонд 1978-01-01 Заемна - подръчен фонд 3.00 643502 П 621.8/К 77 643502 6 1.53 N: Сф Дата: 01.01.1978 Дата инв: 06.02.2018 Бележки инв: П2018 Книги  
Vip Innovations Ltd, Rousse, Bulgaria 2025